[Event "IECC Swiss-537.3"]
[Site "IECC email"]
[Date "2009.10.26"]
[Round "?"]
[White "Bladyko, Pawel"]
[Black "Garcia, Arsenio"]
[Result "1-0"]
[WhiteElo "1739"]
[BlackElo "1165"]
[PlyCount "45"]
[EventDate "2009.??.??"]
[EventType "tourn (corr)"]
[EventRounds "1"]
[SourceTitle "Telechess CBM 137"]
[Source "ChessBase"]
[SourceDate "2010.07.15"]
[SourceVersion "1"]
[SourceVersionDate "2010.07.15"]
[SourceQuality "1"]
[WhiteTeam "Poland"]
[BlackTeam "Philippines"]
[WhiteTeamCountry "POL"]
[BlackTeamCountry "PHI"]

1. e4 e6 2. d4 d5 3. e5 c5 4. Nf3 Nc6 5. Bd3 cxd4 6. 0-0 Nge7 7. Re1 Ng6 8. c3 dxc3 9. Nxc3 Bb4 10. Bd2 0-0 11. Rc1 Qc7 12. Nxd5 exd5 13. Bxb4 Nge7 14. Nd4 Qd7 15. Bb5 a6 16. Ba4 b5 17. Nxc6 bxa4 18. Nxe7+ Kh8 19. Ng6+ fxg6 20. Bxf8 Kg8 21. e6 Qe8 22. Qd4 Kxf8 23. Rc7 1-0

[Event "IECC Swiss-537.2"]
[Site "IECC email"]
[Date "2009.04.28"]
[Round "?"]
[White "Garcia, Arsenio"]
[Black "Jordaan, Wayne"]
[Result "0-1"]
[WhiteElo "1166"]
[BlackElo "1845"]
[PlyCount "36"]
[EventDate "2009.??.??"]
[EventType "tourn (corr)"]
[EventRounds "1"]
[SourceTitle "Corr 2011"]
[Source "ChessBase"]
[SourceDate "2010.08.31"]
[SourceVersion "1"]
[SourceVersionDate "2010.08.31"]
[SourceQuality "1"]
[WhiteTeam "Philippines"]
[BlackTeam "South Africa"]
[WhiteTeamCountry "PHI"]
[BlackTeamCountry "RSA"]

1. e4 c6 2. d4 d5 3. e5 Bf5 4. h4 h5 5. c4 e6 6. Nc3 Be7 7. cxd5 cxd5 8. Bg5 Nc6 9. Qd2 f6 10. exf6 Nxf6 11. Bb5 0-0 12. Bxc6 bxc6 13. Nf3 c5 14. Ne5 cxd4 15. Qxd4 Qc7 16. Ng6 Bxg6 17. 0-0 Ng4 18. f4 Bc5 0-1

[Event "IECC Swiss-530.1"]
[Site "IECC email"]
[Date "2007.10.08"]
[Round "?"]
[White "Garcia, Arsenio"]
[Black "Robinson, James M"]
[Result "0-1"]
[WhiteElo "1128"]
[BlackElo "1625"]
[PlyCount "46"]
[EventDate "2007.??.??"]
[EventType "swiss (corr)"]
[EventRounds "1"]
[SourceTitle "Corr 2011"]
[Source "ChessBase"]
[SourceDate "2010.08.31"]
[SourceVersion "1"]
[SourceVersionDate "2010.08.31"]
[SourceQuality "1"]
[WhiteTeam "Italy"]
[BlackTeam "Argentina"]
[WhiteTeamCountry "ITA"]
[BlackTeamCountry "ARG"]

1. e4 c6 2. d4 d5 3. e5 Bf5 4. h4 c5 5. g4 Bd7 6. dxc5 e6 7. Be3 Nc6 8. Nf3 f6 9. exf6 Nxf6 10. Bg5 Bxc5 11. Bg2 Qb6 12. Bxf6 Bxf2+ 13. Kf1 gxf6 14. b3 0-0-0 15. Nc3 Ne5 16. Nxe5 fxe5 17. Qe2 Bd4 18. Qd3 Rhf8+ 19. Ke1 e4 20. Qd2 Be3 21. Qd1 Bf2+ 22. Kf1 Bg3+ 23. Bf3 Qf2# 0-1

[Event "IECC O-2423"]
[Site "IECC email"]
[Date "2006.07.26"]
[Round "?"]
[White "Garcia, Arsenio"]
[Black "Singh, Virender Pratap"]
[Result "1-0"]
[WhiteElo "1089"]
[BlackElo "994"]
[PlyCount "37"]
[EventDate "2006.??.??"]
[EventType "swiss (corr)"]
[EventRounds "2"]
[SourceTitle "Corr 2020"]
[Source "ChessBase"]
[SourceDate "2019.09.30"]
[SourceVersion "1"]
[SourceVersionDate "2019.09.30"]
[SourceQuality "1"]
[WhiteTeam "Philippines"]
[BlackTeam "India"]
[WhiteTeamCountry "PHI"]
[BlackTeamCountry "IND"]

1. e4 e5 2. Nf3 d6 3. d4 exd4 4. Qxd4 Nc6 5. Bb5 Bd7 6. Bxc6 bxc6 7. Nc3 c5 8. Qe3 g6 9. Bd2 Bg7 10. 0-0 Nh6 11. h3 0-0 12. Rab1 f5 13. Qe2 Rb8 14. e5 Re8 15. Rfe1 Nf7 16. Qc4 Be6 17. Qa4 Nxe5 18. Nxe5 Bxe5 19. Qxa7 1-0

[Event "IECC Swiss-485.4"]
[Site "IECC email"]
[Date "2006.05.02"]
[Round "?"]
[White "Blackman, Leon"]
[Black "Garcia, Arsenio"]
[Result "1-0"]
[WhiteElo "1626"]
[BlackElo "1100"]
[PlyCount "65"]
[EventDate "2006.??.??"]
[EventType "swiss (corr)"]
[EventRounds "1"]
[SourceTitle "Corr 2020"]
[Source "ChessBase"]
[SourceDate "2019.09.30"]
[SourceVersion "1"]
[SourceVersionDate "2019.09.30"]
[SourceQuality "1"]
[WhiteTeam "Australia"]
[BlackTeam "Philippines"]
[WhiteTeamCountry "AUS"]
[BlackTeamCountry "PHI"]

1. c4 e6 2. Nc3 d5 3. d4 Nf6 4. Bg5 Be7 5. Nf3 0-0 6. Qc2 c6 7. e3 Nbd7 8. Rd1 h6 9. Bh4 dxc4 10. Bxc4 b5 11. Bd3 Nd5 12. Bxe7 Nxe7 13. 0-0 Nf6 14. Ne4 Bb7 15. Nc5 Bc8 16. Ne5 Nd7 17. Nexd7 Bxd7 18. Bh7+ Kh8 19. Be4 Nd5 20. Qe2 Nf6 21. Qf3 Nxe4 22. Qxe4 Rc8 23. Rc1 Be8 24. a3 Qe7 25. b4 Rd8 26. f4 Rd5 27. f5 Kg8 28. f6 gxf6 29. Qh4 Kh7 30. Rxf6 h5 31. Rh6+ Kxh6 32. Qxe7 Kg7 33. Nxe6+ 1-0

[Event "IECC O-2365"]
[Site "IECC email"]
[Date "2006.03.14"]
[Round "?"]
[White "Garcia, Arsenio"]
[Black "Masse, Mike"]
[Result "1-0"]
[WhiteElo "1056"]
[BlackElo "1100"]
[PlyCount "47"]
[EventDate "2006.??.??"]
[EventType "swiss (corr)"]
[EventRounds "2"]
[SourceTitle "Corr 2020"]
[Source "ChessBase"]
[SourceDate "2019.09.30"]
[SourceVersion "1"]
[SourceVersionDate "2019.09.30"]
[SourceQuality "1"]
[WhiteTeam "Philippines"]
[BlackTeam "United States"]
[WhiteTeamCountry "PHI"]
[BlackTeamCountry "USA"]

1. e4 e5 2. Nf3 Nf6 3. Nxe5 Qe7 4. Nf3 Qxe4+ 5. Be2 Nc6 6. 0-0 d5 7. Re1 Qf5 8. Bd3+ Ne4 9. Nc3 Bd6 10. Nxe4 Qh5 11. Nf6+ Kd8 12. Nxh5 Be6 13. Nxg7 Bd7 14. Bb5 Rg8 15. Bxc6 Bxc6 16. Nf5 Kd7 17. Nxd6 Kxd6 18. d4 Bb5 19. Bf4+ Kd7 20. Ne5+ Ke6 21. Qh5 Rg7 22. Nxf7+ Kf6 23. Qxd5 Bc6 24. Qe6# 1-0

[Event "IECC Swiss-508.1"]
[Site "IECC email"]
[Date "2006.02.23"]
[Round "?"]
[White "Wozniak, Zbigniew"]
[Black "Garcia, Arsenio"]
[Result "1-0"]
[WhiteElo "1717"]
[BlackElo "1056"]
[PlyCount "51"]
[EventDate "2006.??.??"]
[EventType "swiss (corr)"]
[EventRounds "1"]
[SourceTitle "Corr 2020"]
[Source "ChessBase"]
[SourceDate "2019.09.30"]
[SourceVersion "1"]
[SourceVersionDate "2019.09.30"]
[SourceQuality "1"]
[WhiteTeam "Poland"]
[BlackTeam "Philippines"]
[WhiteTeamCountry "POL"]
[BlackTeamCountry "PHI"]

1. e4 e6 2. d4 d5 3. Nc3 Bb4 4. e5 c5 5. a3 Ba5 6. b4 cxd4 7. Qg4 Ne7 8. bxa5 dxc3 9. Qxg7 Rg8 10. Qxh7 Nbc6 11. f4 Qxa5 12. Nf3 Nb4 13. Rb1 Na2 14. Bb5+ Bd7 15. Bxd7+ Kxd7 16. Rxb7+ Ke8 17. f5 Qa6 18. Rxe7+ Kxe7 19. f6+ Kd7 20. Qxf7+ Kc6 21. Nd4+ Kb6 22. Qxe6+ Ka5 23. Qxd5+ Ka4 24. Qd7+ Ka5 25. Nb3+ Kb6 26. Be3# 1-0

[Event "IECC O-2315"]
[Site "IECC email"]
[Date "2005.12.07"]
[Round "?"]
[White "Virgili, Alberto"]
[Black "Garcia, Arsenio"]
[Result "1-0"]
[WhiteElo "1127"]
[BlackElo "1102"]
[PlyCount "40"]
[EventDate "2005.??.??"]
[EventType "swiss (corr)"]
[EventRounds "2"]
[SourceTitle "Corr 2008"]
[Source "ChessBase"]
[SourceDate "2008.06.24"]
[SourceVersion "1"]
[SourceVersionDate "2008.06.24"]
[SourceQuality "1"]

1. e4 e6 2. Bb5 c6 3. Bc4 d5 4. exd5 cxd5 5. Be2 Nf6 6. Nf3 Be7 7. d4 0-0 8. 0-0 Nc6 9. Nc3 a6 10. Bf4 Nh5 11. Be3 Nf6 12. Ne5 Nxe5 13. dxe5 Nd7 14. f4 f6 15. Na4 fxe5 16. fxe5 Rxf1+ 17. Qxf1 Nxe5 18. Nb6 d4 19. Nxa8 dxe3 20. Rd1 Qa5 1-0

[Event "IECC CL7-2005.16 email"]
[Site "IECC email"]
[Date "2005.11.03"]
[Round "?"]
[White "Certoux, Christophe"]
[Black "Garcia, Arsenio"]
[Result "1-0"]
[WhiteElo "1208"]
[BlackElo "1068"]
[PlyCount "89"]
[EventDate "2005.??.??"]
[EventType "tourn (corr)"]
[EventRounds "4"]
[SourceTitle "Corr 2008"]
[Source "ChessBase"]
[SourceDate "2008.06.24"]
[SourceVersion "1"]
[SourceVersionDate "2008.06.24"]
[SourceQuality "1"]

1. d4 e6 2. Nf3 d5 3. e3 c5 4. c3 Nc6 5. Bd3 Nf6 6. Nbd2 Be7 7. 0-0 0-0 8. Qe2 Bd7 9. dxc5 Bxc5 10. e4 dxe4 11. Nxe4 Nxe4 12. Qxe4 f5 13. Qc4 Bb6 14. Bg5 Qc7 15. Rad1 Na5 16. Qh4 Bc6 17. b4 Bxf3 18. gxf3 Nc6 19. Qc4 Qf7 20. Rfe1 Rae8 21. Bc2 Qg6 22. f4 h6 23. h4 hxg5 24. fxg5 Kh8 25. Rd7 Rf7 26. Rd6 Rfe7 27. Kg2 Bc7 28. Rd2 Qh5 29. Bd1 Qf7 30. f4 e5 31. Qxf7 Rxf7 32. Bh5 Rfe7 33. Bxe8 Rxe8 34. Rd7 Bb6 35. b5 Na5 36. Rxe5 Rf8 37. Ree7 Rg8 38. h5 Bc5 39. Rf7 Nc4 40. h6 Bf8 41. g6 Ne3+ 42. Kf3 Ng4 43. h7 Nf6 44. hxg8Q+ Kxg8 45. Rd8 1-0

[Event "IECC Swiss-496.2"]
[Site "IECC email"]
[Date "2005.10.17"]
[Round "?"]
[White "Zazel, Anthony"]
[Black "Garcia, Arsenio"]
[Result "1-0"]
[WhiteElo "1497"]
[BlackElo "1071"]
[PlyCount "65"]
[EventDate "2005.??.??"]
[EventType "swiss (corr)"]
[EventRounds "1"]
[SourceTitle "Corr 2008"]
[Source "ChessBase"]
[SourceDate "2008.06.24"]
[SourceVersion "1"]
[SourceVersionDate "2008.06.24"]
[SourceQuality "1"]

1. e4 e6 2. d4 d5 3. exd5 exd5 4. c4 Bb4+ 5. Nc3 Nf6 6. Nf3 0-0 7. Bd3 Bg4 8. 0-0 c6 9. cxd5 Bxc3 10. dxc6 Nxc6 11. bxc3 Qa5 12. Bd2 Qh5 13. h3 Bxf3 14. Qxf3 Qxf3 15. gxf3 Rfd8 16. Rab1 b6 17. Rfe1 h6 18. f4 a5 19. Rxb6 Nxd4 20. cxd4 Rxd4 21. Rb3 Rad8 22. Re3 Nd5 23. Re4 Rxe4 24. Bxe4 Nf6 25. Rd3 Rb8 26. f3 Rb1+ 27. Kf2 Nxe4+ 28. fxe4 Rb2 29. a3 a4 30. Ke3 Kf8 31. Kd4 Ke7 32. Kc4 Kf6 33. Bc3+ 1-0

[Event "IECC CL7-2005.12 email"]
[Site "IECC email"]
[Date "2005.08.12"]
[Round "?"]
[White "Garcia, Arsenio"]
[Black "Alexander, Ross"]
[Result "1-0"]
[WhiteElo "1109"]
[BlackElo "1056"]
[PlyCount "67"]
[EventDate "2005.??.??"]
[EventType "tourn (corr)"]
[EventRounds "4"]
[SourceTitle "Corr 2008"]
[Source "ChessBase"]
[SourceDate "2008.06.24"]
[SourceVersion "1"]
[SourceVersionDate "2008.06.24"]
[SourceQuality "1"]

1. e4 e5 2. Nf3 Nc6 3. Bb5 d5 4. exd5 Qxd5 5. Nc3 Qe6 6. 0-0 Bc5 7. Re1 Nf6 8. Bxc6+ Qxc6 9. Nxe5 Qd6 10. Nc4+ Qe7 11. Rxe7+ Bxe7 12. d4 0-0 13. Bg5 Bg4 14. f3 Bh5 15. Bxf6 Bxf6 16. g4 Bg6 17. h4 Bxh4 18. Ne4 Rae8 19. Ne5 Re7 20. Nxg6 fxg6 21. c3 Rd8 22. Qb3+ Kh8 23. Qxb7 c5 24. Qc6 h5 25. Qxc5 hxg4 26. Kg2 Rf7 27. fxg4 Rf4 28. Kh3 g5 29. Nxg5 Re8 30. Kxh4 g6 31. Kg3 Rf6 32. Rh1+ Kg7 33. Qc7+ Kf8 34. Rh8# 1-0

[Event "IECC CL7-2005.12 email"]
[Site "IECC email"]
[Date "2005.08.12"]
[Round "?"]
[White "Grillo, Vince"]
[Black "Garcia, Arsenio"]
[Result "1-0"]
[WhiteElo "1068"]
[BlackElo "1160"]
[PlyCount "38"]
[EventDate "2005.??.??"]
[EventType "tourn (corr)"]
[EventRounds "4"]
[SourceTitle "Corr 2008"]
[Source "ChessBase"]
[SourceDate "2008.06.24"]
[SourceVersion "1"]
[SourceVersionDate "2008.06.24"]
[SourceQuality "1"]

1. d4 e6 2. Nf3 d5 3. a3 c5 4. dxc5 Bxc5 5. b4 Be7 6. Bf4 Nf6 7. e3 Nh5 8. Qd4 Nxf4 9. Qxf4 Bf6 10. Ra2 Nd7 11. Bb5 a6 12. Bxd7+ Bxd7 13. 0-0 0-0 14. Nbd2 Re8 15. e4 dxe4 16. Nxe4 Be7 17. Rd1 Qb6 18. Rxd7 Rac8 19. Nd6 Bxd6 1-0

[Event "IECC Swiss-498.1"]
[Site "IECC email"]
[Date "2005.06.10"]
[Round "?"]
[White "Garcia, Arsenio"]
[Black "Bladyko, Pawel"]
[Result "0-1"]
[WhiteElo "1149"]
[BlackElo "1796"]
[PlyCount "60"]
[EventDate "2005.??.??"]
[EventType "swiss (corr)"]
[EventRounds "1"]
[SourceTitle "Corr 2020"]
[Source "ChessBase"]
[SourceDate "2019.09.30"]
[SourceVersion "1"]
[SourceVersionDate "2019.09.30"]
[SourceQuality "1"]
[WhiteTeam "Philippines"]
[BlackTeam "Poland"]
[WhiteTeamCountry "PHI"]
[BlackTeamCountry "POL"]

1. e4 e5 2. Nf3 Nc6 3. d4 exd4 4. Nxd4 Qh4 5. Nc3 Bb4 6. Nxc6 Qxe4+ 7. Qe2 Bxc3+ 8. bxc3 Qxe2+ 9. Bxe2 dxc6 10. 0-0 Ne7 11. Bb2 0-0 12. c4 Bf5 13. Bd3 Bxd3 14. cxd3 Rad8 15. d4 Nf5 16. Rad1 Rfe8 17. Rfe1 Rxe1+ 18. Rxe1 h5 19. Rd1 c5 20. d5 Re8 21. h3 Nd6 22. Rc1 Re2 23. Ba3 b6 24. Ra1 Nxc4 25. Bc1 Re1+ 26. Kh2 f6 27. Bb2 Re2 28. Bc1 Rxf2 29. a4 h4 30. Kg1 Rf5 0-1

[Event "IECC O-2157"]
[Site "IECC email"]
[Date "2005.02.11"]
[Round "?"]
[White "Wainz, Josef"]
[Black "Garcia, Arsenio"]
[Result "1-0"]
[WhiteElo "1155"]
[BlackElo "1131"]
[PlyCount "65"]
[EventDate "2005.??.??"]
[EventType "swiss (corr)"]
[EventRounds "2"]
[SourceTitle "Corr 2020"]
[Source "ChessBase"]
[SourceDate "2019.09.30"]
[SourceVersion "1"]
[SourceVersionDate "2019.09.30"]
[SourceQuality "1"]
[WhiteTeam "United States"]
[BlackTeam "Philippines"]
[WhiteTeamCountry "USA"]
[BlackTeamCountry "PHI"]

1. e4 e6 2. Nf3 d5 3. exd5 exd5 4. d4 Bg4 5. c4 Nf6 6. Be2 Bb4+ 7. Bd2 Bxd2+ 8. Nbxd2 dxc4 9. Nxc4 0-0 10. Nce5 Bxf3 11. Bxf3 c6 12. 0-0 Nbd7 13. Bxc6 bxc6 14. Nxc6 Qc7 15. Rc1 Qb6 16. Ne7+ Kh8 17. b3 h6 18. Rc6 Qb7 19. d5 Ne5 20. Rxf6 gxf6 21. Nf5 Rg8 22. Qh5 Rxg2+ 23. Kxg2 Qxd5+ 24. f3 Rg8+ 25. Kh3 Rg6 26. Nxh6 Kg7 27. Nf5+ Kg8 28. Ne7+ Kg7 29. Nxd5 Rh6 30. Rg1+ Ng6 31. Qxh6+ Kxh6 32. Kg4 Kg7 33. Kf5 1-0

[Event "IECC O-2122"]
[Site "IECC email"]
[Date "2004.12.06"]
[Round "?"]
[White "Cox, Bill"]
[Black "Garcia, Arsenio"]
[Result "1-0"]
[WhiteElo "1201"]
[BlackElo "1104"]
[PlyCount "31"]
[EventDate "2004.??.??"]
[EventType "swiss (corr)"]
[EventRounds "2"]
[SourceTitle "Corr 2020"]
[Source "ChessBase"]
[SourceDate "2019.09.30"]
[SourceVersion "1"]
[SourceVersionDate "2019.09.30"]
[SourceQuality "1"]
[WhiteTeam "New Zealand"]
[BlackTeam "Philippines"]
[WhiteTeamCountry "NZL"]
[BlackTeamCountry "PHI"]

1. e4 e6 2. d4 d5 3. e5 c5 4. c3 Nc6 5. Nf3 Qb6 6. Be2 cxd4 7. cxd4 Nge7 8. Bd3 Nf5 9. Bxf5 exf5 10. 0-0 g6 11. Nc3 Be6 12. Ng5 Nxd4 13. Nxe6 Nxe6 14. Nxd5 Qc5 15. Nf6+ Ke7 16. Qd7# 1-0

[Event "IECC KO-1043"]
[Site "IECC email"]
[Date "2004.07.06"]
[Round "?"]
[White "Zarate, Miguel"]
[Black "Garcia, Arsenio"]
[Result "1-0"]
[WhiteElo "1273"]
[BlackElo "1096"]
[PlyCount "47"]
[EventDate "2004.??.??"]
[EventType "match (corr)"]
[EventRounds "2"]
[SourceTitle "Corr 2020"]
[Source "ChessBase"]
[SourceDate "2019.09.30"]
[SourceVersion "1"]
[SourceVersionDate "2019.09.30"]
[SourceQuality "1"]
[WhiteTeam "Argentina"]
[BlackTeam "Philippines"]
[WhiteTeamCountry "ARG"]
[BlackTeamCountry "PHI"]

1. d4 e6 2. c4 Bb4+ 3. Bd2 Bxd2+ 4. Qxd2 b6 5. Nc3 Bb7 6. e4 Nh6 7. g3 f5 8. Bg2 0-0 9. Nge2 c5 10. 0-0 fxe4 11. Nxe4 d5 12. N4c3 Qd7 13. dxc5 bxc5 14. cxd5 exd5 15. Bxd5+ Bxd5 16. Qxd5+ Qxd5 17. Nxd5 Nc6 18. Rac1 Rfe8 19. Nc7 Rxe2 20. Nxa8 Rxb2 21. Rxc5 Nb4 22. Rd1 Rxa2 23. Rc7 Nf7 24. Rc8+ 1-0

[Event "IECC O-1924"]
[Site "IECC email"]
[Date "2004.03.17"]
[Round "?"]
[White "Garcia, Arsenio"]
[Black "Elrod, Joe"]
[Result "1-0"]
[WhiteElo "1010"]
[BlackElo "969"]
[PlyCount "73"]
[EventDate "2004.??.??"]
[EventType "swiss (corr)"]
[EventRounds "2"]
[SourceTitle "Corr 2020"]
[Source "ChessBase"]
[SourceDate "2019.09.30"]
[SourceVersion "1"]
[SourceVersionDate "2019.09.30"]
[SourceQuality "1"]
[WhiteTeam "Philippines"]
[BlackTeam "United States"]
[WhiteTeamCountry "PHI"]
[BlackTeamCountry "USA"]

1. e4 c5 2. Nf3 Nc6 3. d4 cxd4 4. Nxd4 Nf6 5. Nc3 e5 6. Ndb5 d6 7. Bg5 a6 8. Na3 b5 9. Bxf6 Qxf6 10. Nd5 Qd8 11. c3 Bf5 12. exf5 Qd7 13. Nb6 Qd8 14. Nxa8 Qxa8 15. Qd5 Qb7 16. Nc2 Be7 17. Be2 0-0 18. Bf3 Rd8 19. Qxc6 Qb8 20. Qxa6 d5 21. 0-0 e4 22. Be2 Bc5 23. Qxb5 Qa7 24. a4 g6 25. fxg6 fxg6 26. a5 Rf8 27. Nd4 Rb8 28. Qa6 Rxb2 29. Qxa7 Bxa7 30. Bg4 Kf7 31. Be6+ Kf6 32. Bxd5 Ke5 33. Bg8 Kf4 34. Bxh7 g5 35. g3+ Ke5 36. Rae1 e3 37. Nc6+ 1-0